MARC details
| 000 -LEADER |
| fixed length control field |
02946cam a22003854a 4500 |
| 001 - CONTROL NUMBER |
| control field |
13866237 |
| 003 - CONTROL NUMBER IDENTIFIER |
| control field |
GZU |
| 005 - DATE AND TIME OF LATEST TRANSACTION |
| control field |
20210316100541.0 |
| 008 - FIXED-LENGTH DATA ELEMENTS--GENERAL INFORMATION |
| fixed length control field |
050209s2005 nyua b 001 0 eng |
| 010 ## - LIBRARY OF CONGRESS CONTROL NUMBER |
| LC control number |
2005003794 |
| 015 ## - NATIONAL BIBLIOGRAPHY NUMBER |
| National bibliography number |
GBA509848 |
| Source |
bnb |
| 016 7# - NATIONAL BIBLIOGRAPHIC AGENCY CONTROL NUMBER |
| Record control number |
013100436 |
| Source |
Uk |
| 020 ## - INTERNATIONAL STANDARD BOOK NUMBER |
| International Standard Book Number |
1583226796 (pbk. : alk. paper) |
| 020 ## - INTERNATIONAL STANDARD BOOK NUMBER |
| International Standard Book Number |
9781583226797 |
| 035 ## - SYSTEM CONTROL NUMBER |
| System control number |
(OCoLC)ocm57574152 |
| 040 ## - CATALOGING SOURCE |
| Original cataloging agency |
DLC |
| Transcribing agency |
DLC |
| Modifying agency |
YDXCP |
| -- |
UKM |
| -- |
IXA |
| -- |
BAKER |
| -- |
GZM |
| -- |
JHY |
| -- |
VVC |
| -- |
VP@ |
| -- |
NBU |
| -- |
MUQ |
| -- |
LMR |
| -- |
OCLCQ |
| -- |
DLC |
| 042 ## - AUTHENTICATION CODE |
| Authentication code |
pcc |
| 043 ## - GEOGRAPHIC AREA CODE |
| Geographic area code |
n-us--- |
| 050 00 - LIBRARY OF CONGRESS CALL NUMBER |
| Classification number |
P96. |
| Item number |
.FUT2005 |
| 082 00 - DEWEY DECIMAL CLASSIFICATION NUMBER |
| Classification number |
302.23/0973/01 |
| Edition number |
22 |
| 245 04 - TITLE STATEMENT |
| Title |
The future of media : |
| Remainder of title |
resistance and reform in the 21st century / |
| Statement of responsibility, etc. |
edited by Robert W. McChesney, Russell Newman, and Ben Scott ; with a foreword by Bill Moyers. |
| 250 ## - EDITION STATEMENT |
| Edition statement |
A Seven Stories Press 1st ed. |
| 260 ## - PUBLICATION, DISTRIBUTION, ETC. |
| Place of publication, distribution, etc. |
New York : |
| Name of publisher, distributor, etc. |
Seven Stories Press, |
| Date of publication, distribution, etc. |
2005. |
| 300 ## - PHYSICAL DESCRIPTION |
| Extent |
xxiii, 376 p. : |
| Other physical details |
ill. ; |
| Dimensions |
23 cm. |
| 504 ## - BIBLIOGRAPHY, ETC. NOTE |
| Bibliography, etc. note |
Includes bibliographical references and index. |
| 505 0# - FORMATTED CONTENTS NOTE |
| Formatted contents note |
The emerging struggle for a free press / Robert W. McChesney -- The fight for the future of media / Russell Newman, Ben Scott -- Media reform from the inside out: the Newspaper Guild-CWA / Linda Foley -- Media bias: how to spot it-and how to fight it / Peter Hart -- Why Americans should take back the media / Bernie Sanders -- Lessons for realistic radicals in the information age / Mark Lloyd -- Media and marginalization / Malkia A. Cyril -- Resisting the conquista of words / Bárbara Renaud González -- Where is the public interest in media consolidation? / Michael J. Copps -- Who is watching the watchdog? / John Dunbar -- The media and campaign reform / Vidya Krishnamurthy -- The legal case for diversity in broadcast ownership / Andrew Jay Schwartzman, Cheryl A. Leanza, Harold Feld -- Reclaiming the First Amendment: legal, factual, and analytic support for limits on media ownership / Mark Cooper -- Sharing the wealth: an online commons for the nonprofit sector / Jeff Chester, Gary O. Larson -- Reclaiming the public airwaves / Michael Calabrese, Matt Barranca -- Wirelessing the world: the battle over (community) wireless networks / Sascha D. Meinrath -- Copyright reform: the next battle for the media reform movement / Gigi B. Sohn -- The globalization of media policy / Sasha Costanza-Chock -- Our media is not for sale / Lori Wallach, Chris Slevin. |
| 650 #0 - SUBJECT ADDED ENTRY--TOPICAL TERM |
| Topical term or geographic name entry element |
Mass media |
| Geographic subdivision |
United States |
| General subdivision |
Forecasting. |
| 700 1# - ADDED ENTRY--PERSONAL NAME |
| Personal name |
McChesney, Robert Waterman, |
| Dates associated with a name |
1952- |
| 700 1# - ADDED ENTRY--PERSONAL NAME |
| Personal name |
Newman, Russell. |
| 700 1# - ADDED ENTRY--PERSONAL NAME |
| Personal name |
Scott, Ben, |
| Dates associated with a name |
1977- |
| 856 41 - ELECTRONIC LOCATION AND ACCESS |
| Materials specified |
Table of contents |
| Uniform Resource Identifier |
<a href="http://www.loc.gov/catdir/toc/ecip057/2005003794.html">http://www.loc.gov/catdir/toc/ecip057/2005003794.html</a> |
| 906 ## - LOCAL DATA ELEMENT F, LDF (RLIN) |
| a |
7 |
| b |
cbc |
| c |
orignew |
| d |
1 |
| e |
ecip |
| f |
20 |
| g |
y-gencatlg |
| 942 ## - ADDED ENTRY ELEMENTS (KOHA) |
| Source of classification or shelving scheme |
Library of Congress Classification |
| Koha item type |
Books |
| Classification part |
96 |
| Item part |
FUT |
| Call number prefix |
P |